000 00839nam a2200289Ia 4500
001 A9067
003 IT-RoPAU
008 130308s9999 xx 000 0 und d
040 _aIT-RoPAU
040 _cIT-RoPAU
041 _aITALIANO
100 _aBarbieri Daniele
100 _gCodice Aut. SPICS: 19979
245 _aUccidere gli eroi?-Riflessioni sul nuovo fumetto americano di supereroi
245 _bCrepuscolo degli Eroi (Il)
250 _a1a ed.
260 _aBOLOGNA
260 _bTelemaco
260 _c1992 [1° Ed.:1992 - Ed.Ling.Originale:1992]
300 _a"20 p. (prefazione: no ; testo: 20 [pagine: 47-66])"
500 _aSaggio Sulla Storia del Fumetto e di Alcuni Eroi Come Batman.
650 _aSAGGI SUL FUMETTO
650 _eCodice materia Spics: 6711
942 _cBK
957 _71
999 _c82825
_d82825
999 _g1